| 000 | 00610nam a2200181 i 4500 | ||
|---|---|---|---|
| 001 | 130108 | ||
| 003 | ES-MaACL | ||
| 005 | 20230906193637.0 | ||
| 007 | t| | ||
| 008 | 070719q1929 fr ||||1| fre d | ||
| 100 | 0 |
_aSófocles. _9107023 |
|
| 245 | 1 | 0 |
_aSophocle / _cLeconte de Lisle, traduction nouvelle. |
| 260 |
_aParis : _bAlphonse Lemerre, _c[1929?] |
||
| 300 |
_a501 p. ; _c19 cm. |
||
| 505 | 8 | _aContiene: Les Trakhiniennes. Oidipous roi. Oidipous áa Kolônos. Antigonè. Philoktétés. Aias. Élektra | |
| 700 | 1 |
_aLeconte de Lisle, Charles-Marie ( _d1818-1894) _971108 |
|
| 852 |
_aES-MaACL _jB-5862 |
||
| 999 |
_c130108 _d130108 |
||